000 00541nam a22002057a 4500
999 _c19131
_d19131
001 16389469
003 OSt
005 20201014101835.0
008 160926b xxu||||| |||| 00| 0 eng d
010 _a 97820580
020 _a0895980169
040 _aMMU
_cMMU
_dMMU
_beng
050 0 0 _aPR6649 .C736 1964
100 1 _aCrane, Stephen.
245 1 4 _aThe red badge of courage /
_cby a Stephen Crane.
260 _aLogan, Iowa :
_bTale Blazer Book,
_cc1979.
300 _a223 p. :
650 _2Badge of courage
942 _2lcc
_cLOAN LOAN